[Event "V ECC Women"]
[Site "Halle GER"]
[Date "2000.09.30"]
[Round "7"]
[White "Varniene,R"]
[Black "Gaponenko,I"]
[Result "1/2-1/2"]
[WhiteElo "2190"]
[BlackElo "2375"]

1.d4 Nf6 2.c4 g6 3.Nc3 Bg7 4.e4 d6 5.Be2 O-O 6.Nf3 e5 7.O-O Nc6 8.d5 Ne7
9.Ne1 Nd7 10.f4 f5 11.Nd3 fxe4 12.Nxe4 Nf5 13.fxe5 Nxe5 14.Bg5 Qe8 15.Ndf2 h6
16.Bd2 Qe7 17.Qc1 b6 18.Bc3 Ba6 19.b3 Rae8 20.Re1 Bc8 21.Bf1 Qh4 22.Qb2 Rf7
23.Rad1 Ref8 24.Qd2 Bd7 25.Nh3 Qg4 26.Kh1 Nh4 27.Nef2 Qh5 28.Be2 Nhf3 29.Bxe5 Bxh3
30.Nxh3 Nxd2 31.Bxh5 Bxe5 32.Bg4 Rf1+ 33.Rxf1 Rxf1+ 34.Rxf1 Nxf1 35.Kg1 Ne3
36.Be2 Bd4 37.Kh1 g5 38.g3 Kg7 39.Ng1 Kf6 40.Nf3 Bc5 41.h3 a5 42.Kh2 Nc2
43.Bd3 Ne3 44.Be2 b5 45.cxb5 Nxd5 46.Bd3 Ba3 47.Nd2 Nc3 48.Nb1 Nxb1 49.Bxb1 Ke5
50.Kg2 Kd4 51.Kf3 d5 52.Bf5 Kc3 53.Ke2 Bd6 54.g4 Kb2 55.Be6 Kxa2 56.Bxd5 Ka3
57.Kd3 Kb4 58.Kd4 Kxb5 59.Kd3 Kb4 60.Bf7 c5 61.Be6 Bg3 62.Bf7 Bf2 63.Be6 a4
64.bxa4 Kxa4 65.Kc4 Ka3 66.Bf7 Kb2 67.Bh5 Kc2 68.Bg6+ Kd2 69.Bh5 Ke2 70.Bf7 Kf3
71.Bh5 Kg3 72.Kd3 Bd4 73.Kc4 Kxh3 74.Kd3 Kg3 75.Kc4 Kf4 76.Kd3 Bg1 77.Kc4  1/2-1/2

[Event "It"]
[Site "Medellin COL"]
[Date "2000.10.01"]
[Round "6"]
[White "Clavijo,J"]
[Black "Gamboa,N"]
[Result "0-1"]
[WhiteElo "2414"]
[BlackElo "2351"]

1.d4 Nf6 2.c4 g6 3.Nc3 Bg7 4.e4 d6 5.Nf3 O-O 6.Be2 e5 7.O-O Nc6 8.d5 Ne7
9.Bd2 Nd7 10.Ne1 f5 11.Nd3 Kh8 12.a4 c6 13.f3 a5 14.Rb1 Nb6 15.b3 f4 16.Qc2 g5
17.dxc6 Nxc6 18.Nb5 Nd7 19.Rfd1 Nd4 20.Nxd4 exd4 21.Be1 Qe7 22.Bf2 Ne5 23.Ne1 Nc6
24.Qd2 Be6 25.Nc2 g4 26.fxg4 Qg5 27.h3 d3 28.Qxd3 Ne5 29.Qd2 h5 30.Nd4 Rae8
31.h4 Qg6 32.g5 Qxe4 33.Bxh5 Bg4 34.Bxg4 Nxg4 35.Nf3 Ne3 36.Re1 Qf5 37.Bxe3 fxe3
38.Qd5 Qg4 39.Re2 Re4 40.Rbe1 Rxf3 41.h5 Rf2 42.Rxf2 exf2+ 43.Kxf2 Qf4+  0-1

[Event "FSIMB October"]
[Site "Budapest HUN"]
[Date "2000.10.09"]
[Round "3"]
[White "Orso,M"]
[Black "Berczes,C"]
[Result "1/2-1/2"]
[WhiteElo "2346"]
[BlackElo "2189"]

1.d4 d6 2.Nf3 Nf6 3.c4 g6 4.Nc3 Bg7 5.e4 O-O 6.Be2 e5 7.O-O Nc6 8.d5 Ne7
9.b4 Nh5 10.Re1 f5 11.Ng5 Nf6 12.f3 c6 13.Be3 Bh6 14.h4 cxd5 15.cxd5 f4 16.Bf2 Bxg5
17.hxg5 Nh5 18.Bd3 Bd7 19.Qd2 Nc8 20.Nb5 a6 21.Na3 Qxg5 22.Rec1 Qd8 23.Kf1 g5
24.Qc3 g4 25.Qc7 gxf3 26.gxf3 Ng3+ 27.Bxg3 Bh3+ 28.Ke2 Qxc7 29.Rxc7 fxg3
30.Rg1 g2 31.Rxb7 Rf7 32.Rxf7 Kxf7 33.Nc4 Ne7 34.Nxd6+ Kf6 35.Nb7 Ng6 36.Ke3 Nf4
37.Nc5 h5 38.Bc4 h4 39.Nd3 Rc8 40.Bxa6 Rc3 41.Kd2 Rxd3+ 42.Bxd3 Bd7 43.Bf1 h3
44.Bxg2 hxg2 45.Ke3 Kg5 46.Kf2 Nh3+ 47.Kxg2 Nxg1 48.Kxg1 Kf4 49.Kf2 Bb5 50.a3 Ba4
51.d6 Bb5  1/2-1/2

[Event "EuYCh B16"]
[Site "Halkidiki GRE"]
[Date "2000.10.09"]
[Round "8"]
[White "Weetik,V"]
[Black "Mamedov,N"]
[Result "0-1"]
[WhiteElo "2365"]
[BlackElo "2403"]

1.Nf3 Nf6 2.c4 g6 3.Nc3 Bg7 4.e4 d6 5.d4 O-O 6.Be2 e5 7.O-O Nc6 8.d5 Ne7
9.b4 Nh5 10.Re1 Nf4 11.Bf1 c6 12.Be3 f5 13.Nd2 Nxg2 14.Bxg2 f4 15.c5 fxe3
16.fxe3 cxd5 17.cxd6 Qxd6 18.exd5 Nf5 19.Nde4 Qb6 20.Qb3 Qd8 21.d6+ Kh8 22.Rad1 Nh4
23.Ng3 Bg4 24.Bxb7 Bxd1 25.Rxd1 Rb8 26.Bh1 Qg5 27.Ne4 Qg4 28.Rd2 h5 29.d7 Rbd8
30.Qd5 Nf5 31.Nf2 Qg5 32.Qg2 Qxe3 33.Nf1 Qb6  0-1

[Event "Tatry Open"]
[Site "Tatranske Zruby SVK"]
[Date "2000.10.10"]
[Round "4"]
[White "Harasta,V"]
[Black "Karnik,P"]
[Result "0-1"]
[WhiteElo "2203"]
[BlackElo "2341"]

1.c4 g6 2.Nc3 Bg7 3.d4 Nf6 4.e4 d6 5.Nf3 O-O 6.Be2 e5 7.O-O Nc6 8.d5 Ne7
9.b4 Nh5 10.Re1 f5 11.Nd2 Nf6 12.c5 Kh8 13.Bf3 Neg8 14.Nc4 Ne8 15.a4 Ngf6
16.Ba3 Rf7 17.b5 Bf8 18.b6 axb6 19.cxb6 cxb6 20.Qb3 Ra6 21.Rab1 fxe4 22.Nxe4 Nxe4
23.Bxe4 Nf6 24.f3 Nh5 25.Nxb6 Nf4 26.Nxc8 Qxc8 27.g3 Nh3+ 28.Kg2 Ng5 29.g4 Nxe4
30.Rxe4 Rc7 31.Kg3 Bh6 32.Bb2 Rc2 33.h4 Kg8 34.g5 Bf8 35.Rbe1 Qc5 36.R4e2 Rxe2
37.Rxe2 Rb6 38.Qd1 Qc4 39.Bc1 Rb1 40.Rc2 Qxa4 41.Qd3 Rxc1  0-1

[Event "FSGM October"]
[Site "Budapest HUN"]
[Date "2000.10.12"]
[Round "6"]
[White "Szeberenyi,A"]
[Black "Vajda,L"]
[Result "1/2-1/2"]
[WhiteElo "2357"]
[BlackElo "2447"]

1.d4 Nf6 2.c4 g6 3.Nc3 Bg7 4.e4 d6 5.Nf3 O-O 6.Be2 e5 7.O-O Nc6 8.d5 Ne7
9.b4 Nh5 10.Re1 f5 11.Ng5 Nf6 12.Bf3 c6 13.Be3 cxd5 14.cxd5 b6 15.Qb3 h6
16.Ne6 Bxe6 17.dxe6 fxe4 18.Nxe4 d5 19.Nxf6+ Rxf6 20.Rad1 Rxf3 21.gxf3 Qd6
22.Bc1 b5 23.f4 Rf8 24.Qg3 Qxe6 25.fxe5 Rc8 26.Qf3 Rd8 27.Bf4 Rf8 28.Qe3 Nf5
29.Qh3 d4 30.Qb3 Re8 31.Qxe6+ Rxe6 32.Re4 g5 33.Bg3 Kf7 34.Rexd4 Nxd4 35.Rxd4 a6
36.Rd7+ Kg6 37.Kg2 Bh8 38.Kf3 Kf5 39.Rf7+ Kg6 40.Rd7 Kf5 41.Rf7+  1/2-1/2

[Event "Tatry Open"]
[Site "Tatranske Zruby SVK"]
[Date "2000.10.12"]
[Round "6"]
[White "Belunek,V"]
[Black "Tejkal,J"]
[Result "1-0"]
[WhiteElo "2258"]
[BlackElo "2113"]

1.d4 Nf6 2.c4 g6 3.Nc3 Bg7 4.e4 d6 5.Be2 O-O 6.Nf3 e5 7.O-O Nc6 8.d5 Ne7
9.Ne1 Nd7 10.Nd3 f5 11.Bd2 Nf6 12.f3 f4 13.c5 Ne8 14.cxd6 cxd6 15.a4 g5 16.Nb5 Ng6
17.Qc2 Rf7 18.Rfc1 h5 19.Nf2 Bf8 20.Ra3 Nh4 21.h3 Rg7 22.Rc3 Bd7 23.b3 Kh8
24.Nc7 Nxc7 25.Rxc7 Rb8 26.Bb5 Bxb5 27.axb5 Qf6 28.Rxg7 Qxg7 29.Qc7 Qxc7
30.Rxc7 a5 31.Nd3 Ng6 32.Nb2 Be7 33.Nc4 Bd8 34.Rd7 a4 35.bxa4 Rc8 36.a5 Nf8
37.Nxd6  1-0

[Event "Essent Open"]
[Site "Hoogeveen NED"]
[Date "2000.10.14"]
[Round "2"]
[White "Epishin,V"]
[Black "Visser,Y"]
[Result "1-0"]
[WhiteElo "2567"]
[BlackElo "2418"]

1.d4 Nf6 2.c4 g6 3.Nc3 Bg7 4.e4 d6 5.Nf3 O-O 6.Be2 e5 7.O-O Nc6 8.d5 Ne7
9.b4 a5 10.Ba3 Nd7 11.bxa5 Kh8 12.Re1 Ng8 13.Nd2 f5 14.c5 dxc5 15.Nc4 Ngf6
16.exf5 gxf5 17.Bb2 Ne8 18.Nb5 Ra6 19.d6 cxd6 20.Nbxd6 Rc6 21.Nxc8 Qxc8 22.Rb1 Qc7
23.Qd2 Nd6 24.Ne3 Ne4 25.Qc2 Rg6 26.Bd3 Ng5 27.Bxf5 Nf3+ 28.Kh1 Nxe1 29.Rxe1 Rg5
30.Rd1 Nf6 31.h3 e4 32.Bxf6 Rxf6 33.Nd5 Qe5 34.Nxf6 Qxf6 35.Bxe4  1-0

[Event "Belgian Interteams 2000-1"]
[Site "BEL"]
[Date "2000.10.15"]
[Round "1"]
[White "Mohandesi,S"]
[Black "Bernard,N"]
[Result "1-0"]
[WhiteElo "2299"]
[BlackElo "2185"]

1.d4 Nf6 2.c4 g6 3.Nc3 Bg7 4.e4 O-O 5.Nf3 d6 6.Be2 e5 7.O-O Nc6 8.d5 Ne7
9.Ne1 Nd7 10.Nd3 f5 11.Bd2 fxe4 12.Nxe4 Nf6 13.Bf3 Nf5 14.Be3 Nxe4 15.Bxe4 Bd7
16.Qc2 Qh4 17.Rae1 Rae8 18.Re2 Bh6 19.Ne1 Rf7 20.Qd3 Ref8 21.Nf3 Qf6 22.Bd2 Bxd2
23.Qxd2 Kg7 24.b3 h6 25.Qa5 b6 26.Qxa7 Bc8 27.Qa3 g5 28.Qc1 g4 29.Ne1 Nd4
30.Re3 Qg5 31.Qd2 Rf4 32.Qd3 Rxe4 33.Rxe4 Bf5 34.Qe3 Bxe4 35.Qxe4 Rf4 36.Qe3 Qf5
37.f3 h5 38.Qd3 gxf3 39.Qxf5 Rxf5 40.Nxf3 Rf4 41.Nxd4 Rxd4 42.g3 Kg6 43.Kg2 b5
44.cxb5 Rxd5 45.a4 Rd3 46.Rf3 Rd2+ 47.Rf2 Rd3 48.Rf3 Rd2+ 49.Kg1 Rc2 50.Rd3 Kf5
51.b6 cxb6 52.Rxd6 b5 53.axb5 Rc3 54.Kg2 Rxb3 55.h4 Rxb5 56.Rh6 Rb2+ 57.Kh3 e4
58.Rxh5+ Ke6 59.Kg4 Rf2 60.Rh8 Ke7 61.h5 Kf6 62.h6 e3 63.Re8 Kg6 64.Re6+ Kh7
65.Kg5 e2 66.Re7+ Kg8 67.Kg6  1-0

[Event "Essent Open"]
[Site "Hoogeveen NED"]
[Date "2000.10.15"]
[Round "3"]
[White "Peng Zhaoqin"]
[Black "Shklovski,Vl"]
[Result "1-0"]
[WhiteElo "2403"]
[BlackElo "2220"]

1.d4 Nf6 2.Nf3 g6 3.c4 Bg7 4.Nc3 O-O 5.e4 d6 6.Be2 e5 7.O-O Nc6 8.d5 Ne7
9.b4 Nh5 10.Re1 c6 11.Qb3 cxd5 12.cxd5 h6 13.g3 f5 14.Nh4 Nf6 15.exf5 g5
16.Ng6 Nxg6 17.fxg6 Bf5 18.Be3 Ng4 19.Rac1 Nxe3 20.fxe3 Qf6 21.Rf1 Qxg6 22.Qd1 Bh3
23.Rxf8+ Rxf8 24.Bd3 Bf5 25.Bxf5 Qxf5 26.Qe2 Rc8 27.e4 Qd7 28.a3 Bf6 29.Na2 Bd8
30.Kg2 Bb6 31.b5 Rxc1 32.Nxc1 Qc8 33.Nd3 g4 34.Nf2 h5 35.Qd2 Qe8 36.Qg5+ Kh7
37.Qf5+ Qg6 38.Qxg6+ Kxg6 39.Nd3 Kf6 40.a4 Kg6 41.Nb2 Bc5 42.Nc4 b6 43.a5 Kf6
44.a6 Kg6 45.h3 Kf6 46.hxg4 hxg4 47.Kf1 Kg6 48.Ke2 Kf6 49.Nb2 Kf7 50.Nd3 Ke7
51.Ne1 Ba3 52.Ng2 Bc1 53.Nh4 Bg5 54.Ng2 Bc1 55.Kd1 Bg5 56.Ne1 Be3 57.Ke2 Bc5
58.Ng2 Kd7 59.Nh4 Ba3 60.Kd1 Bc5 61.Nf5 Bg1 62.Ke2  1-0

[Event "FSIMB October"]
[Site "Budapest HUN"]
[Date "2000.10.16"]
[Round "10"]
[White "Bordas,G"]
[Black "Rajlich,V"]
[Result "0-1"]
[WhiteElo "2186"]
[BlackElo "2209"]

1.c4 Nf6 2.Nc3 g6 3.e4 d6 4.d4 Bg7 5.Be2 O-O 6.Nf3 e5 7.O-O Nc6 8.d5 Ne7
9.Ne1 Nd7 10.f3 f5 11.g4 Kh8 12.Bd2 Ng8 13.Qc1 f4 14.b4 a5 15.a3 h5 16.h3 Nh6
17.Nd3 Qh4 18.Rf2 axb4 19.Nb5 Qxh3 20.g5 Ng4 21.Bf1 Qg3+ 22.Rg2 Qxf3 23.Ne1 Qh3
24.Nxc7 Rxa3 25.Rxa3 bxa3 26.Ne6 f3 27.Nxf8 fxg2 28.Nxg6+ Kh7 29.Bxg2 Qh2+
30.Kf1 Qg3 31.Ke2 Kxg6 32.Bf3 Nc5 33.Qxa3 Bd7 34.Nd3 Qh2+ 35.Kd1 Ba4+  0-1

[Event "FSGM October"]
[Site "Budapest HUN"]
[Date "2000.10.17"]
[Round "11"]
[White "Kallio,H"]
[Black "Vajda,L"]
[Result "1-0"]
[WhiteElo "2451"]
[BlackElo "2447"]

1.d4 Nf6 2.c4 g6 3.Nc3 Bg7 4.e4 d6 5.Nf3 O-O 6.Be2 e5 7.O-O Nc6 8.d5 Ne7
9.b4 a5 10.bxa5 Rxa5 11.a4 c5 12.Nd2 Ra6 13.Ra3 h5 14.Nf3 Nh7 15.Ng5 Nxg5
16.Bxg5 Kh7 17.Qc1 f6 18.Bd2 Ng8 19.Nd1 Bh6 20.Ne3 Bg5 21.a5 Nh6 22.Bd1 h4
23.Ba4 f5 24.exf5 gxf5 25.Bc2 Kh8 26.f4 Bxf4 27.Rxf4 exf4 28.Nf1 Nf7 29.Bxf4 Qf6
30.Qe1 Rg8 31.Rh3 Rg4 32.Qe8+ Kh7 33.Bd2 Ra8 34.Bc3 Ne5 35.Ne3 Rg6 36.Bxe5 dxe5
37.d6 Qxd6 38.Rxh4+ Rh6 39.Rg4 Rg6 40.Rh4+ Rh6 41.Rg4 Rg6 42.Rxg6 Qxg6 43.Qxe5 Qc6
44.h4 Rxa5 45.Qe7+ Kg6 46.g4 Qf3 47.gxf5+ Kh6 48.Qg5+  1-0

[Event "chT-SLO"]
[Site "Bled SLO"]
[Date "2000.10.18"]
[Round "5"]
[White "Tratar,M"]
[Black "Riegler,P"]
[Result "1-0"]
[WhiteElo "2410"]
[BlackElo "2293"]

1.d4 Nf6 2.Nf3 g6 3.c4 Bg7 4.Nc3 O-O 5.e4 d6 6.Be2 e5 7.O-O Nc6 8.d5 Ne7
9.Nd2 a5 10.a3 c5 11.Rb1 Bh6 12.b4 axb4 13.axb4 b6 14.bxc5 bxc5 15.Nb3 Bxc1
16.Qxc1 Nd7 17.Ra1 Rxa1 18.Qxa1 f5 19.Qa5 Nf6 20.f3 Bd7 21.Rb1 Qxa5 22.Nxa5 Ra8
23.Nb7 Nc8 24.exf5 Bxf5 25.Rb3 h5 26.Nb5 Ra6 27.Nd8 Ra2 28.Kf1 Bc2 29.Re3 Ba4
30.Ra3 Rxa3 31.Nxa3 Kf8 32.Bd3 Ke7 33.Ne6 Be8 34.h4 Nb6 35.Nc7 Bf7 36.Kf2 Kd7
37.Ncb5 Nc8 38.Nc2 Ke7 39.Ne3 Ne8 40.g4 Ng7 41.Nf1 Nb6 42.Ng3 hxg4 43.fxg4 Nd7
44.Ne4 Ne8 45.Ng5 Ndf6 46.Kg3 Kf8 47.Na7 Ke7 48.Nc8+ Kf8 49.Bc2 Kg7 50.Ba4 Bg8
51.Bxe8 Nxe8 52.Ne4 Nc7 53.Nb6 Ne8 54.g5 Bf7 55.Nc8 Nc7 56.Nf6 Be8 57.Nxd6 Ba4
58.Kf3 Bc2 59.Ke3 Bb1 60.Nd7 Ba2 61.Ke4 Na6 62.Kxe5 Bb3 63.Ke4 Ba4 64.Nb6 Bc2+
65.Ke5 Bd3 66.Nb7  1-0

[Event "IV Copa Itau"]
[Site "Sao Paulo BRA"]
[Date "2000.10.18"]
[Round "3"]
[White "Toth,Ch"]
[Black "Cukier,M"]
[Result "1-0"]
[WhiteElo "2377"]
[BlackElo "2167"]

1.d4 Nf6 2.c4 g6 3.Nc3 Bg7 4.e4 d6 5.Nf3 O-O 6.Be2 e5 7.O-O Nc6 8.d5 Ne7
9.Ne1 Ne8 10.Be3 f5 11.f3 Kh8 12.c5 Ng8 13.cxd6 cxd6 14.a4 Bh6 15.Bf2 Ngf6
16.g4 Bd7 17.a5 Qe7 18.h3 Ng7 19.a6 b6 20.Ng2 Rac8 21.Bh4 g5 22.Be1 fxe4
23.fxe4 Rf7 24.Ne3 Rcf8 25.Bg3 Bc8 26.Bd3 Qd7 27.Nf5 Nxf5 28.exf5 Qc7 29.Be4 b5
30.Qd3 Bd7 31.Bf2 Qb8 32.Rfc1 Rc8 33.Na2 b4 34.Rxc8+ Bxc8 35.Nc1 Bf8 36.Bg2 Be7
37.Qe3 Bd8 38.Qxg5 Qb5 39.Nb3 Qd3 40.Rc1 Qxa6 41.Rc6 Qb7 42.Rxd6 Be7 43.Re6 Ne4
44.Qh5 Nxf2 45.Qxf7 Nxh3+ 46.Kh2 Bxe6 47.dxe6 Qc7 48.Kxh3 Qd8 49.Be4 a5 50.f6  1-0

[Event "Belgian Interteams 2000-1"]
[Site "BEL"]
[Date "2000.10.22"]
[Round "2"]
[White "Becker,D"]
[Black "Goossens,E"]
[Result "0-1"]
[WhiteElo "2127"]
[BlackElo "2192"]

1.d4 Nf6 2.c4 g6 3.Nc3 Bg7 4.e4 d6 5.Be2 O-O 6.Nf3 e5 7.O-O Nc6 8.d5 Ne7
9.Ne1 Ne8 10.Nd3 f5 11.f3 f4 12.Bd2 h5 13.c5 Kh8 14.Be1 Ng8 15.Rc1 g5 16.cxd6 cxd6
17.Bf2 Nh6 18.Nb5 Bd7 19.Qb3 g4 20.Kh1 a6 21.Na3 b5 22.Rc2 Qg5 23.Rfc1 Rf6
24.Ne1 Rg6 25.Bf1 Nf6 26.Rc7 Rg8 27.Qc2 Bf8 28.Ra7 g3 29.Bg1 gxh2 30.Bf2 h4
31.Kxh2 h3 32.gxh3 Bxh3 33.Bxh3 Qh5 34.Bb6 Qxh3+ 35.Kxh3 Nf7 36.Ng2 Rh6+
37.Nh4 Rg3+  0-1

[Event "It"]
[Site "Alushta UKR"]
[Date "2000.10.25"]
[Round "11"]
[White "Ragozin,E"]
[Black "Voitsekhovsky,S"]
[Result "1/2-1/2"]
[WhiteElo "2489"]
[BlackElo "2516"]

1.c4 Nf6 2.Nf3 g6 3.Nc3 Bg7 4.e4 d6 5.d4 O-O 6.Be2 e5 7.O-O Nc6 8.d5 Ne7
9.Ne1 Nd7 10.Nd3 f5 11.Bd2 Kh8 12.Rc1 Ng8 13.Qc2 a6 14.b4 Ndf6 15.f3 f4 16.c5 g5
17.g4 fxg3 18.hxg3 Bh3 19.Rf2 g4 20.Bf1 Bxf1 21.Rcxf1 gxf3 22.Rxf3 Qe8 23.Nb2 Qg6
24.Nc4 Nh5 25.Qd3 Rxf3 26.Rxf3 Bh6 27.Kf1 Bxd2 28.Nxd2 Ngf6 29.Ke1  1/2-1/2

[Event "34th Olympiad"]
[Site "Istanbul TUR"]
[Date "2000.10.28"]
[Round "1"]
[White "Kozul,Z"]
[Black "Williams,Lei"]
[Result "1-0"]
[WhiteElo "2611"]
[BlackElo "2317"]

1.d4 Nf6 2.Nf3 g6 3.c4 Bg7 4.Nc3 O-O 5.e4 d6 6.Be2 e5 7.O-O Nc6 8.d5 Ne7
9.Ne1 Ne8 10.Nd3 f5 11.Bd2 f4 12.Bg4 Bxg4 13.Qxg4 Nf6 14.Qd1 f3 15.gxf3 Nh5
16.Kg2 Kh8 17.Ne2 Ng8 18.Qc1 Qd7 19.Ng3 Qf7 20.Qd1 Bh6 21.Bxh6 Nxh6 22.Nxh5 gxh5
23.Qe2 Rg8+ 24.Kh1 Raf8 25.f4 exf4 26.f3 Qf6 27.Qd2 Qd4 28.Rac1 Ng4 29.Qc3 Qxc3
30.Rxc3 Ne3 31.Re1 Ng2 32.Rg1 Nh4 33.Ne1 b6 34.b4 Ng6 35.Ra3 a5 36.bxa5 bxa5
37.c5 Ne5 38.Rxa5 Rb8 39.Ra7 Rb1 40.Ng2 Rb2 41.Nh4 dxc5  1-0

[Event "34th Olympiad"]
[Site "Istanbul TUR"]
[Date "2000.10.31"]
[Round "4"]
[White "Omolo,K"]
[Black "Roselli Mailhe,B"]
[Result "1/2-1/2"]
[WhiteElo "2053"]
[BlackElo "2400"]

1.d4 Nf6 2.Nf3 g6 3.c4 Bg7 4.Nc3 O-O 5.e4 d6 6.Be2 e5 7.O-O Nc6 8.d5 Ne7
9.b4 Ne8 10.c5 f5 11.Nd2 Kh8 12.a4 Ng8 13.Ba3 Ngf6 14.f3 f4 15.Nc4 Rg8 16.b5 b6
17.cxd6 cxd6 18.Bb4 g5 19.Qb3 Bf8 20.Qa3 Qe7 21.a5 bxa5 22.Qxa5 Bb7 23.Qa4 g4
24.fxg4 Nxg4 25.Qd1 Rc8 26.Bxg4 Rxc4 27.Ba5 Qg5 28.Bf3 Bc8 29.Qe2 Rc5 30.Na4 Bd7
31.Nxc5 dxc5 32.Bc3 Nd6 33.Rfb1 Nc8 34.Ra6 Bd6 35.Kh1 Rg6 36.Qb2 Rh6 37.Rxd6 Nxd6
38.Bxe5+ Kg8 39.Bxd6 Qg3 40.Kg1 Qxh2+ 41.Kf1 Rxd6 42.Rc1 Rh6 43.Rxc5 Qg3
44.Ke2 Rh2 45.Qf6 Rxg2+ 46.Bxg2 Qxg2+ 47.Kd3 Qf1+ 48.Kd4 Qd1+ 49.Kc4 Qa4+
50.Kd3 Qd1+ 51.Kc4 Qa4+  1/2-1/2

[Event "4th OIBM"]
[Site "Bad Wiessee GER"]
[Date "2000.11.01"]
[Round "5"]
[White "Lerner,K"]
[Black "Volokitin,A"]
[Result "1/2-1/2"]
[WhiteElo "2583"]
[BlackElo "2447"]

1.d4 Nf6 2.c4 g6 3.Nc3 Bg7 4.e4 d6 5.Nf3 O-O 6.Be2 e5 7.O-O Nc6 8.d5 Ne7
9.Nd2 a5 10.a3 Nd7 11.Rb1 f5 12.b4 Kh8 13.f3 Ng8 14.Nb5 Ngf6 15.Qc2 Nh5 16.c5 Nf4
17.Nc4 dxc5 18.bxa5 c6 19.dxc6 bxc6 20.Nbd6 Ba6 21.Re1 Ne6 22.Bb2 Nd4 23.Bxd4 exd4
24.exf5 Ne5 25.Nxe5 Bxe5 26.Nc4 Bc7 27.Bd3 gxf5 28.Re2 Rb8 29.Rf1 Bxc4 30.Qxc4 Qd6
31.f4 Bxa5 32.Re6 Qd5 33.Re5 Qxc4 34.Bxc4 Bb6 35.Re6 d3 36.Rd1 Rfd8 37.Kf1 Rd4
38.Bxd3 Rxf4+ 39.Ke1 c4 40.Bc2 Ba5+ 41.Ke2 Rb2 42.Ke3 Rg4 43.Re8+ Rg8 44.Rxg8+ Kxg8
45.Bxf5 Rxg2 46.Be6+ Kg7 47.Bxc4 Rxh2 48.Rd7+ Kf6  1/2-1/2

[Event "34th Olympiad"]
[Site "Istanbul TUR"]
[Date "2000.11.01"]
[Round "5"]
[White "Mueller,L"]
[Black "Yung,L"]
[Result "0-1"]
[WhiteElo "2249"]
[BlackElo "2130"]

1.d4 Nf6 2.c4 d6 3.Nf3 g6 4.Nc3 Bg7 5.e4 O-O 6.Be2 e5 7.O-O Nc6 8.d5 Ne7
9.Nd2 Ne8 10.b4 f5 11.c5 Nf6 12.f3 f4 13.Nc4 g5 14.Ba3 Rf7 15.b5 Ne8 16.b6 axb6
17.cxb6 Ng6 18.bxc7 Rxc7 19.Nb5 Rd7 20.Bb4 Bf8 21.a4 Rg7 22.a5 h5 23.Nb6 Rb8
24.Rc1 Bd7 25.Kh1 g4 26.Nxd7 Qxd7 27.Na3 Nh4 28.Rg1 Nf6 29.Nc4 Nh7 30.Nb6 Qf7
31.Be1 g3 32.h3 Ng5 33.Bf1 Qg6 34.Qe2 Kh8 35.Bb4 Be7 36.Rc2 Rbg8 37.Bd2 Nxh3
38.gxh3 g2+ 39.Bxg2 Nxg2 40.Bc3 Qg3 41.Qxg2 Qh4 42.Kh2 Rxg2+ 43.Rcxg2 Rg3
44.Rxg3 fxg3+ 45.Rxg3 Qf4 46.Kg2 Bh4 47.Be1 Bxg3 48.Bxg3 Qg5 49.h4 Qd2+ 50.Bf2 Qxa5
51.Nc4 Qa6 52.Nb6 Kg8 53.Kg1 Kf7 54.Kg2 Ke8 55.Kg1 Kd8 56.Kg2 Kc7 57.Be3 Qxb6
58.Bxb6+ Kxb6 59.f4 exf4 60.Kf3 Kc5 61.Kxf4 b5 62.Kf5 b4 63.e5 b3 64.e6 b2
65.e7 b1=Q+ 66.Ke6 Qe4+ 67.Kd7 Kxd5 68.e8=Q Qxe8+ 69.Kxe8 Ke6  0-1

[Event "Chigorin Mem"]
[Site "St Petersburg RUS"]
[Date "2000.11.01"]
[Round "2"]
[White "Grebionkin,Vl"]
[Black "Manakov,I"]
[Result "1-0"]
[WhiteElo "2438"]
[BlackElo "2303"]

1.Nf3 Nf6 2.c4 g6 3.Nc3 Bg7 4.e4 d6 5.d4 O-O 6.Be2 e5 7.O-O Nc6 8.d5 Ne7
9.b4 Nh5 10.Re1 a5 11.bxa5 Rxa5 12.Nd2 Nf4 13.Bf1 c5 14.a4 f5 15.g3 Nh5 16.exf5 Nxf5
17.g4 Nd4 18.gxh5 Qg5+ 19.Kh1 Bg4 20.f3 Nxf3 21.Nxf3 Qxh5 22.Bg2 Rxf3 23.Ne4 Rf1+
24.Rxf1 Bxd1 25.Bd2 Rxa4 26.Rfxd1 Qe2 27.Rab1 Rxc4 28.Re1 Qd3 29.Rbd1 Rd4
30.Nxd6 Qc2 31.Be4 Qb2 32.Bc1 Qc3 33.Bg2 Qb4 34.Ne4 h6 35.d6 Kh7 36.d7 Rxd7
37.Nf6+ Bxf6 38.Rxd7+ Kh8 39.Rf1 Qc3 40.Rxf6 Qxc1+ 41.Rf1  1-0

[Event "Chigorin Mem"]
[Site "St Petersburg RUS"]
[Date "2000.11.01"]
[Round "2"]
[White "Dobrov,V"]
[Black "Voitsekhovsky,S"]
[Result "1-0"]
[WhiteElo "2339"]
[BlackElo "2516"]

1.d4 Nf6 2.c4 g6 3.Nc3 Bg7 4.e4 d6 5.Be2 O-O 6.Nf3 e5 7.O-O Nc6 8.d5 Ne7
9.b4 a5 10.Ba3 b6 11.bxa5 Rxa5 12.Bb4 Ra6 13.a4 Nh5 14.a5 bxa5 15.Bxa5 Nf4
16.c5 f5 17.Bxa6 Bxa6 18.cxd6 Qxd6 19.Bxc7 Qxc7 20.d6 Qxc3 21.dxe7 Bxf1 22.exf8=R+ Bxf8
23.Qxf1 fxe4 24.Ng5 e3 25.fxe3 Bc5 26.Kh1 Bxe3 27.Qa6 Qb2 28.Qc8+ Kg7 29.Qd7+ Kh6
30.Nf7+ Kh5 31.Qd1+ Ne2 32.Rb1 Qa2 33.Nxe5 Bd4 34.Rb5 Kh6 35.Ng4+ Kg7 36.Rb7+ Kf8
37.Qe1 Qc4 38.Rb8+ Kg7 39.Re8 h5 40.Re7+ Kf8 41.Qxe2 Qxe2 42.Rxe2 hxg4 43.Re4  1-0

[Event "FSIM November"]
[Site "Budapest HUN"]
[Date "2000.11.04"]
[Round "1"]
[White "Nemeth,Z"]
[Black "Philippe,C"]
[Result "1/2-1/2"]
[WhiteElo "2308"]
[BlackElo "2306"]

1.d4 Nf6 2.c4 g6 3.Nf3 Bg7 4.Nc3 O-O 5.e4 d6 6.Be2 e5 7.O-O Nc6 8.d5 Ne7
9.Bg5 h6 10.Bxf6 Bxf6 11.Ne1 Bg7 12.b4 f5 13.f3 f4 14.Nd3  1/2-1/2

[Event "ch-POL Semi-Finals"]
[Site "Polanczyk POL"]
[Date "2000.11.04"]
[Round "1"]
[White "Lagowski,P"]
[Black "Skurski,J"]
[Result "1-0"]
[WhiteElo "2140"]
[BlackElo "2069"]

1.d4 Nf6 2.c4 g6 3.Nc3 Bg7 4.e4 d6 5.Nf3 O-O 6.Be2 e5 7.O-O Nc6 8.d5 Ne7
9.Ne1 Ne8 10.Nd3 f5 11.f3 f4 12.Bd2 g5 13.Rc1 h5 14.c5 Rf7 15.Nb5 Bf8 16.Bb4 Rg7
17.Nxc7 Nxc7 18.cxd6 Ng6 19.dxc7 Rxc7 20.Bxf8 Kxf8 21.Rxc7 Qxc7 22.Qc1 Qb6+
23.Qc5+ Qxc5+ 24.Nxc5 Ke7 25.Rc1 Kd6 26.Bb5 Ne7 27.Nb3 a6 28.Be8 b6 29.Bxh5 Bd7
30.h3 Rc8 31.Rxc8 Bxc8 32.Bg4 Bb7 33.Kf2 a5 34.Bh5 Kd7 35.g3 Kd6 36.gxf4 exf4
37.Nd4 Ke5 38.Ne6 Kf6 39.Nf8 Kg7 40.Nd7 Nc8 41.Ke2 Ba6+ 42.Kd2 Bb5 43.Be8 Bxd7
44.Bxd7 Nd6 45.Kc3 Kf6 46.Kd4 Nf7 47.Bg4 Ne5 48.d6 Nc6+ 49.Kd5 Nb4+ 50.Kc4  1-0

[Event "ch-POL Semi-Finals"]
[Site "Polanczyk POL"]
[Date "2000.11.04"]
[Round "1"]
[White "Zaskalski,P"]
[Black "Wisniewski,Adr"]
[Result "0-1"]
[WhiteElo "2088"]
[BlackElo "2281"]

1.d4 Nf6 2.c4 g6 3.Nc3 Bg7 4.e4 d6 5.Nf3 O-O 6.Be2 e5 7.O-O Nc6 8.d5 Ne7
9.b4 a5 10.Ba3 Nh5 11.Re1 f5 12.Nd2 Nf6 13.c5 Bh6 14.bxa5 Bxd2 15.Qxd2 fxe4
16.cxd6 cxd6 17.Nb5 Nf5 18.Rac1 b6 19.Rc6 e3 20.fxe3 Ne4 21.Qb4 Qh4 22.Rf1 Bd7
23.Rc4 Nd4 24.Qe1 Qxe1 25.Rxe1 Nxe2+ 26.Rxe2 Bxb5  0-1

[Event "Chigorin Mem"]
[Site "St Petersburg RUS"]
[Date "2000.11.04"]
[Round "4"]
[White "Korobov,A"]
[Black "Voitsekhovsky,S"]
[Result "1-0"]
[WhiteElo "2378"]
[BlackElo "2516"]

1.d4 Nf6 2.c4 g6 3.Nc3 Bg7 4.e4 d6 5.Nf3 O-O 6.Be2 e5 7.O-O Nc6 8.d5 Ne7
9.b4 Nh5 10.Re1 Nf4 11.Bf1 a5 12.bxa5 Rxa5 13.a4 c5 14.Ra3 Kh8 15.Nb5 Ra6
16.Nd2 Ng8 17.g3 Nh5 18.Bg2 Nh6 19.Nf1 Bg4 20.Qc2 Bd7 21.Qd1 Bg4 22.f3 Bd7
23.Bd2 f5 24.exf5 gxf5 25.f4 Nf6 26.Nxd6 e4 27.Nb5 Bxb5 28.cxb5 Rd6 29.Bc3 Rxd5
30.Qa1 Rd3 31.Bb2 c4 32.Ne3 Qb6 33.Kh1 Nhg4 34.Nxg4 fxg4 35.Bxe4 Rxa3 36.Qxa3 Re8
37.Be5 Qf2 38.Qe3 Nxe4 39.Qxe4 Bxe5 40.fxe5 c3 41.e6 b6 42.Qe5+ Kg8 43.Qxc3 Re7
44.Qe3 Qxe3 45.Rxe3 Kf8 46.Re4 h5 47.Re5 Ra7 48.Rxh5 Rxa4 49.Rh7 Rb4 50.Rf7+ Ke8
51.Rg7 Kf8 52.e7+ Ke8 53.Kg2 Rb2+ 54.Kg1 Rb1+ 55.Kf2 Rb2+ 56.Ke3 Rxh2 57.Rg6 Rh5
58.Rxb6 Rf5 59.Rb8+ Kxe7 60.b6 Kd7 61.b7 Kc7 62.Rg8 Kxb7 63.Rxg4 Kc6 64.Rd4 Kc5
65.Rd1 Rf8 66.g4 Rg8 67.Kf4 Rf8+ 68.Ke5 Rg8 69.Rc1+ Kb6 70.Kf5 Rf8+ 71.Ke6 Rg8
72.Rg1  1-0

[Event "ch-POL Semi-Finals"]
[Site "Polanczyk POL"]
[Date "2000.11.06"]
[Round "3"]
[White "Gasik,P"]
[Black "Wisniewski,Adr"]
[Result "1/2-1/2"]
[WhiteElo "2189"]
[BlackElo "2281"]

1.d4 Nf6 2.c4 g6 3.Nc3 Bg7 4.e4 d6 5.Be2 O-O 6.Nf3 e5 7.O-O Nc6 8.d5 Ne7
9.Ne1 Nd7 10.Nd3 f5 11.Bd2 c6 12.f3 cxd5 13.cxd5 Nf6 14.Nf2 Bd7 15.a4 Kh8
16.Nb5 Nc8 17.Qc2 Nh5 18.g3 Bf6 19.Qc7 Bxb5 20.Qxd8 Bxd8 21.Bxb5 Bb6 22.Rac1 f4
23.Kg2 g5 24.a5 Bd4 25.Nd3 a6 26.Bd7 Nf6 27.Be6 Na7 28.Rc7 Rab8 29.Rfc1 Ne8
30.Re7 Nb5 31.Rc8 Nec7 32.Rxf8+ Rxf8 33.Bf5 h6 34.Rh7+ Kg8 35.Rxh6 Rf7 36.Bb4 Kf8
37.Rh8+ Kg7 38.Rb8 Nxd5 39.Bc8 Nxb4 40.Nxb4 Bxb2 41.Nd5 Nd4 42.gxf4 Nc6 43.Rxb7 Rxb7
44.Bxb7 Nxa5 45.Bxa6 exf4 46.Bb5 Be5 47.Kh3 Nb3 48.Kg4 Nd4 49.Bf1 Kg6 50.h4 gxh4
51.Nxf4+ Bxf4 52.Kxf4 Kf6 53.Bh3 Nc2 54.Bf1 Nd4 55.Bg2 h3 56.Bxh3 Nxf3  1/2-1/2

[Event "ch-POL Semi-Finals"]
[Site "Polanczyk POL"]
[Date "2000.11.08"]
[Round "5"]
[White "Zaskalski,P"]
[Black "Luch,M"]
[Result "1/2-1/2"]
[WhiteElo "2088"]
[BlackElo "2072"]

1.d4 Nf6 2.c4 g6 3.Nc3 Bg7 4.e4 d6 5.Nf3 O-O 6.Be2 e5 7.O-O Nc6 8.d5 Ne7
9.b4 Nh5 10.Re1 Nf4 11.Bf1 f5 12.Bxf4 fxe4 13.Bxe5 exf3 14.Bxg7 Kxg7 15.Qd4+ Kg8
16.Qh4 Nf5 17.Qxd8 Rxd8 18.Rad1 fxg2 19.Bxg2 Bd7 20.Ne4 h6 21.c5 Kf7 22.Rd2 Re8
23.Bh3 Rad8 24.cxd6 Nxd6 25.Nxd6+ cxd6 26.Rxe8 Bxe8 27.Rc2 Kf6 28.Rc7 Rb8
29.Bc8 b6 30.Bb7 a5 31.a3 axb4 32.axb4 Ke5 33.Rg7 Kd4 34.Bc6 Bxc6 35.dxc6 Rc8
36.c7 Kd5 37.Rh7 h5 38.Rg7 Kc6  1/2-1/2